000 00720nam a2200253Ia 4500
003 OSt
005 20220918185120.0
006 a|||||r|||| 00| 0
007 ta
008 220917b |||||||| |||| 00| 0 eng d
024 _a49,623
037 _cTextual
040 _aARTS
_cARTS
_beng
041 _2eng
_aeng
082 _aP,75p1,N74, L8
110 _aSeminar on Rhetoric Philosophy And Literature
_967831
245 0 _aPapers ed by Don M Burke
260 _aLafayette
_bPurdue Univ Press
_c1978
300 _axiii, 115p.
_ccm.
650 _aLINGUISTICS
700 _aSeminar on Rhetoric Philosophy And Literature
_967832
942 _hP,75p1,N74, L8
_cTEXL
_2CC
999 _c179245
_d179245